000
00265nam a2200109Ia 4500
005
20251222114416.0
008
251222s1900||||xx |||||||||||||| ||spa||
082
_a
DVD0090/F45/2007
245
0
_a
Vidas extraordinarias: Don Giussani
264
_b
Mediaset
942
_c
DVD
999
_c
2245
_d
2245